000 00317cam a2200133ua 4500
003 OSt
008 241028b |||||||| |||| 00| 0 eng d
041 _aeng
082 _a028.75371
_bPAR/CI
245 _aCivil engineering
260 _aThrissur :
_bGovt.Engineering college ,
_c1996.
300 _a96 ; .
942 _cBK
999 _c8913
_d8913